[Event "35th European Club Cup 2019"]
[Site "Ulcinj"]
[Date "2019.11.16"]
[Round "7.30"]
[White "Kaasen, Tor Fredrik"]
[Black "Bettalli, Francesco"]
[Result "1-0"]
[WhiteElo "2405"]
[BlackElo "2164"]
[Annotator "NA"]
[PlyCount "61"]
[EventDate "2019.11.10"]
[EventType "team-tourn"]
[EventCountry "MNE"]
[SourceTitle "playchess.com"]
[Source "ChessBase"]
[SourceQuality "1"]
[WhiteTeam "Valerenga"]
[BlackTeam "WorldTradingLab Club"]

1. e4 c5 2. Nf3 Nc6 3. Bb5 g6 4. Bxc6 dxc6 5. d3 Bg7 6. h3 Nf6 7. Nc3 O-O 8. Be3 b6 9. a4 a5 10. Qd2 Re8 11. Bh6 e5 12. Bxg7 Kxg7 13. O-O Qd6 14. Rae1 Nd7 15. Nh2 c4 16. f4 cxd3 17. cxd3 f6 18. Ng4 h5 19. fxe5 Qd4+ 20. Ne3 Nxe5 21. Qf2 Qd6 22. Rd1 Ba6 23. Qg3 Qe6 24. d4 Bxf1 25. dxe5 Ba6 26. Nf5+ Kh7 27. Rd6 Qg8 28. Rd7+ Kh8 29. Nh4 Red8 30. Nxg6+ Qxg6 31. Rxd8+ 1-0

[Event "35th European Club Cup 2019"]
[Site "Ulcinj"]
[Date "2019.11.16"]
[Round "7.31"]
[White "Abasov, Nijat"]
[Black "Mamedov, Rauf"]
[Result "1/2-1/2"]
[WhiteElo "2655"]
[BlackElo "2648"]
[Annotator "TA"]
[PlyCount "36"]
[EventDate "2019.11.10"]
[EventType "team-tourn"]
[EventCountry "MNE"]
[SourceTitle "playchess.com"]
[Source "ChessBase"]
[SourceQuality "1"]
[WhiteTeam "Feffernitz"]
[BlackTeam "Vugar Gashimov"]

1. d4 Nf6 2. c4 g6 3. Nc3 Bg7 4. e4 d6 5. Nf3 O-O 6. Be2 e5 7. O-O exd4 8. Nxd4 Re8 9. f3 Nc6 10. Nc2 Nh5 11. g4 Be5 12. gxh5 Bxh2+ 13. Kxh2 Qh4+ 14. Kg1 Qg3+ 15. Kh1 Qh3+ 16. Kg1 Qg3+ 17. Kh1 Qh3+ 18. Kg1 Qg3+ 1/2-1/2

[Event "35th European Club Cup 2019"]
[Site "Ulcinj"]
[Date "2019.11.16"]
[Round "7.32"]
[White "Asadli, Vugar"]
[Black "Schreiner, Peter"]
[Result "1-0"]
[WhiteElo "2513"]
[BlackElo "2453"]
[Annotator "ChessBase"]
[PlyCount "65"]
[EventDate "2019.11.10"]
[EventType "team-tourn"]
[EventCountry "MNE"]
[SourceTitle "playchess.com"]
[Source "ChessBase"]
[SourceQuality "1"]
[WhiteTeam "Vugar Gashimov"]
[BlackTeam "Feffernitz"]

1. e4 c5 2. Nc3 Nc6 3. Bb5 Nd4 4. Nf3 a6 5. Bd3 Nc6 6. O-O g6 7. e5 Bg7 8. Re1 d5 9. exd6 Qxd6 10. Ne4 Qc7 11. Nxc5 Nb4 12. a3 Nxd3 13. Nxd3 Bf5 14. Nb4 Rc8 15. c3 a5 16. Nc2 Nf6 17. d4 O-O 18. a4 Bxc2 19. Qxc2 Nd5 20. h4 Qc4 21. Qe4 e6 22. h5 Rfe8 23. hxg6 hxg6 24. Bg5 b5 25. Nd2 Qc6 26. axb5 Qxb5 27. c4 Rxc4 28. Nxc4 Qxc4 29. Rxa5 Rb8 30. Rea1 Bxd4 31. Be3 Rb4 32. Ra8+ Kg7 33. Qh4 1-0

[Event "35th European Club Cup 2019"]
[Site "Ulcinj"]
[Date "2019.11.16"]
[Round "7.33"]
[White "Diermair, Andreas"]
[Black "Sadikhov, Ulvi"]
[Result "0-1"]
[WhiteElo "2475"]
[BlackElo "2502"]
[Annotator "ChessBase"]
[PlyCount "96"]
[EventDate "2019.11.10"]
[EventType "team-tourn"]
[EventCountry "MNE"]
[SourceTitle "playchess.com"]
[Source "ChessBase"]
[SourceQuality "1"]
[WhiteTeam "Feffernitz"]
[BlackTeam "Vugar Gashimov"]

1. d4 d6 2. e4 Nf6 3. f3 c5 4. d5 e6 5. c4 a6 6. a4 Nh5 7. Be3 Be7 8. f4 g6 9. Nc3 e5 10. fxe5 dxe5 11. Nf3 Qd6 12. a5 Nd7 13. Na4 Qc7 14. Qd2 O-O 15. Bd3 Ng7 16. Bh6 Rb8 17. O-O b5 18. axb6 Nxb6 19. Nc3 Nd7 20. Rf2 f6 21. Raf1 Nb6 22. h3 Bd7 23. Ra1 Qb7 24. b3 Nc8 25. Bc2 Nd6 26. Be3 Nf7 27. Na4 Qc7 28. Nb2 f5 29. Qa5 Qc8 30. Qxa6 Qe8 31. Re2 Nh5 32. Qa3 Qc8 33. Qa6 Qe8 34. Nd2 f4 35. Bf2 Ng5 36. Nd3 f3 37. Nxf3 Nxf3+ 38. gxf3 Bxh3 39. d6 Bd8 40. Qa7 Rc8 41. Nxc5 Rxf3 42. Qb7 Rf7 43. d7 Bxd7 44. Nxd7 Rc7 45. Qb5 Rcxd7 46. Rd2 Qe6 47. Rxd7 Qg4+ 48. Kf1 Ng3+ 0-1

[Event "35th European Club Cup 2019"]
[Site "Ulcinj"]
[Date "2019.11.16"]
[Round "7.34"]
[White "Allahverdiyev, Anar"]
[Black "Danin, Alexandre"]
[Result "1/2-1/2"]
[WhiteElo "2407"]
[BlackElo "2521"]
[Annotator "ChessBase"]
[PlyCount "65"]
[EventDate "2019.11.10"]
[EventType "team-tourn"]
[EventCountry "MNE"]
[SourceTitle "playchess.com"]
[Source "ChessBase"]
[SourceQuality "1"]
[WhiteTeam "Vugar Gashimov"]
[BlackTeam "Feffernitz"]

1. g3 d5 2. Bg2 Nf6 3. Nf3 g6 4. b3 Bg7 5. Bb2 O-O 6. c4 c6 7. O-O a5 8. d3 Re8 9. Nbd2 Bg4 10. h3 Bxf3 11. Nxf3 Nbd7 12. Qc2 e6 13. cxd5 Nxd5 14. Bxg7 Kxg7 15. d4 Qe7 16. e4 N5f6 17. Rad1 a4 18. b4 a3 19. Rb1 e5 20. Rfe1 Kg8 21. Qc3 Ra4 22. Qb3 Raa8 23. Rbd1 Ra6 24. dxe5 Nxe5 25. Nxe5 Qxe5 26. Rd2 Qe6 27. Qxe6 Rxe6 28. e5 Rb6 29. Re3 Ne8 30. Rd4 f6 31. Rxa3 fxe5 32. Rh4 e4 33. Rxe4 1/2-1/2

[Event "35th European Club Cup 2019"]
[Site "Ulcinj"]
[Date "2019.11.16"]
[Round "7.35"]
[White "Sebenik, Matej"]
[Black "Suleymanli, Aydin"]
[Result "0-1"]
[WhiteElo "2512"]
[BlackElo "2429"]
[Annotator "ChessBase"]
[PlyCount "64"]
[EventDate "2019.11.10"]
[EventType "team-tourn"]
[EventCountry "MNE"]
[SourceTitle "playchess.com"]
[Source "ChessBase"]
[SourceQuality "1"]
[WhiteTeam "Feffernitz"]
[BlackTeam "Vugar Gashimov"]

1. d4 d5 2. c4 e6 3. Nc3 Be7 4. Nf3 Nf6 5. Bg5 h6 6. Bh4 O-O 7. e3 b6 8. Be2 Bb7 9. Bxf6 Bxf6 10. cxd5 exd5 11. b4 c6 12. O-O a5 13. bxa5 Rxa5 14. a4 Nd7 15. Qb3 Be7 16. Rfe1 Kh8 17. Bd3 f5 18. Ne2 Bd6 19. Nf4 Qf6 20. Qb1 Kg8 21. Bc2 Ba6 22. Nd3 Qe6 23. h4 Bxd3 24. Bxd3 c5 25. g3 c4 26. Bf1 Qe4 27. Bg2 Qxb1 28. Rexb1 Rfa8 29. h5 b5 30. Ne5 Nf6 31. Nc6 Rxa4 32. Rxa4 Rxa4 0-1

[Event "35th European Club Cup 2019"]
[Site "Ulcinj"]
[Date "2019.11.16"]
[Round "7.36"]
[White "Ahmadzada, Ahmad"]
[Black "Pacher, Simon"]
[Result "1-0"]
[WhiteElo "2406"]
[BlackElo "2072"]
[Annotator "NA"]
[PlyCount "103"]
[EventDate "2019.11.10"]
[EventType "team-tourn"]
[EventCountry "MNE"]
[SourceTitle "playchess.com"]
[Source "ChessBase"]
[SourceQuality "1"]
[WhiteTeam "Vugar Gashimov"]
[BlackTeam "Feffernitz"]

1. e4 e5 2. Nf3 Nc6 3. Bb5 a6 4. Ba4 Nf6 5. O-O Be7 6. d3 b5 7. Bb3 d6 8. c3 O-O 9. Re1 Na5 10. Bc2 c5 11. Nbd2 Qc7 12. Nf1 h6 13. Ne3 Re8 14. d4 cxd4 15. cxd4 Bf8 16. d5 Nb7 17. Bd2 Nc5 18. Rc1 a5 19. Nf1 Bd7 20. a3 a4 21. Bb4 Qb8 22. N1d2 Rc8 23. Nb1 Be7 24. Bd3 Nxd3 25. Qxd3 Bf8 26. Rxc8 Qxc8 27. Nc3 Qb7 28. Nh4 g6 29. g3 Qb6 30. Kg2 Rc8 31. Nf3 Ne8 32. Rc1 Nc7 33. h4 Na6 34. h5 g5 35. Rh1 Qb8 36. Nd2 Nc5 37. Qe2 Na6 38. Qd3 Nc5 39. Qe3 Be7 40. Nf3 f5 41. exf5 Bxf5 42. Rd1 Qb7 43. Qe2 Bg4 44. Bxc5 Rxc5 45. Qe4 Bxh5 46. Rh1 Bxf3+ 47. Qxf3 Bf8 48. Ne4 Rc2 49. Qd3 Rxb2 50. Nf6+ Kf7 51. Qh7+ Bg7 52. Qg8+ 1-0